Statistics for Capitals Word Search #3

Click here to take the quiz!

General Stats

  • This quiz has been taken 1,443 times
  • The average score is 8 of 12

Answers on the Map

Answers color-coded by a green-red scale on the quiz's map according to % correct below.
 

Answer Stats

Capital% Correct
Madrid
100%
Athens
83%
Tirana
78%
Managua
75%
Asmara
73%
Luanda
72%
Rabat
62%
Apia
61%
Gitega
58%
Male
53%
Hanoi
52%
Riga
40%

Score Distribution

Percentile by Number Answered

Percent of People with Each Score

Your Score History

You have not taken this quiz